000 01145nas a2200397 4500
001 BR8404298
003 BR-BrBNA
005 20231205085950.0
007 ta
008 230509b bl.|||p| |||| 00| 00por d
040 _aBR-BrBNA
_bpor
_cBiblioteca Nacional de Agricultura
041 _a(Pt)
072 _aF30
100 1 _aGridi-Papp, I.L.
100 1 _aFuzatto, M.G.
100 1 _aCavaleri, P.A.
100 1 _aCia, E.
100 1 _aSilva, N.M. da
100 1 _aFerraz, C.A.M.
100 1 _aSchmidt, W.
100 1 _aNeves, O. da S.
100 1 _aRodrigues Filho, F.S.O.
100 1 _aChiavegato, E.J.
100 1 _aSabino, N.P.
100 1 _aMartinelli, E.S.
100 1 _aLazzarini, J.F.
100 1 _aCorrea, F.A.
100 1 _aGrossi, J.M.M.
245 1 _aMelhoramento do algodoeiro no estado de Sao Paulo: obtencao das variedades IAC RM3, IAC RM4, IAC 16 e IAC 17 [Brasil]
650 _aALGODAO
650 _aVARIEDADE
650 _aSAO PAULO
773 0 _tBragantia (Brazil)
_xISSN 0006-8705
_g(1984), v. 43(2) p. 405-423
_wBR8404298
909 _a202311
_bLúcia
_c55
_dLúcia Elande
942 _2AGRIS
_n0
_cANA
999 _c115167
_d115167